000 02677nas a2200649 i 4500
001 991022249329705066
003 NyNyJPI
005 20260413172635.0
008 140328c20139999pl qr p |0 0pol
009 b0000003038280
015 _aBWC 2014/117
022 _a2353-5725
_y2352-572x
_y2352-5725
035 _a991022249329705066
035 _a(PL-WaBN)b30382804-48omnis_nlop
035 _ab30382804
035 _a(OCoLC)879531214
035 _a(UJ)vtls001138616
035 _a(PL)b0000003038280
035 _a(EXLNZ-48OMNIS_NETWORK)9910324399805606
040 _aWA N
_cWA N
_dWA N
_dKR U
_dWA N
_dWR O
_dWA N
_dKR U
046 _k2013
080 _a32(05)
084 _a03
210 1 _aOpinia Nurtu Niepodległ.
222 0 _aOpinia Nurtu Niepodległościowego
245 0 0 _aOpinia Nurtu Niepodległościowego :
_bkwartalnik społeczny i naukowy.
246 1 3 _aOpinia :
_bkwartalnik Ośrodka Myśli Niepodległościowej
246 3 0 _aOpinia NN
260 _aWarszawa :
_bInstytut Historyczny NN im. Andrzeja Ostoja Owsianego,
_c2013-.
300 _c21 cm.
310 _aKwartalnik
336 _aTekst
_btxt
_2rdacontent
337 _aBez urządzenia pośredniczącego
_bn
_2rdamedia
338 _aWolumin
_bnc
_2rdacarrier
362 0 _a2013, nr 1 (zima)-.
380 _aCzasopisma
388 1 _a2001-
500 _aOpis na podstawie bieżącego zeszytu.
500 _aTytuł według okładki.
500 _aOd 2013, nr 1 podtytuł: kwartalnik Ośrodka Myśli Niepodległościowej.
500 _aOd 2013, nr 1 [Marek Albiniak redaktor naczelny].
500 _aOd 2013, nr 1: Łódź : Ośrodek Myśli Niepodległościowej Instytutu Historycznego NN im. Andrzeja Ostoja-Owsianego.
500 _aOd 2015, nr 7: Warszawa.
500 _aOd 2017, nr 15 [Andrzej Anusz redaktor naczelny].
500 _aOd 2022, nr 35 podtytuł: kwartalnik społeczny i naukowy.
500 _aOd 2022, nr 39 wydawca: Instytut Historyczny NN im. Andrzeja Ostoja Owsianego.
550 _aOd 2022, nr 39: Instytut Historyczny Nurtu Niepodległościowego im. Andrzeja Ostoja Owsianego.
650 7 _aNacjonalizm
_2DBN
650 7 _aPolityka
_2DBN
655 7 _aCzasopismo polityczne
_2DBN
655 7 _aCzasopismo polskie
_2DBN
658 _aPolityka, politologia, administracja publiczna
700 1 _aAlbiniak, Marek
_d(1972- )
_eRedakcja
710 2 _aOśrodek Myśli Niepodległościowej (Instytut Historyczny Nurtu Niepodległościowego im. Andrzeja Ostoja Owsianego)
_eInstytucja sprawcza
_4pbl
710 2 _aInstytut Historyczny Nurtu Niepodległościowego im. Andrzeja Ostoja Owsianego
_eInstytucja sprawcza
_4pbl
942 _2z
_cBK
_n0
999 _c91104
_d91104